AH International Schools' Libraries

Farm Babies / (Record no. 48473)

MARC details
000 -LEADER
fixed length control field 00290nam a2200109 4500
100 ## - MAIN ENTRY--PERSONAL NAME
Personal name Tiger Tales,
Relator term Publisher,
9 (RLIN) 86079
245 ## - TITLE STATEMENT
Title Farm Babies /
Statement of responsibility, etc By Tiger Tales.
260 ## - PUBLICATION, DISTRIBUTION, ETC. (IMPRINT)
Place of publication, distribution, etc United States:
Name of publisher, distributor, etc Tiger Tales,
Date of publication, distribution, etc 2022.
300 ## - PHYSICAL DESCRIPTION
Extent unpaged.
490 ## - SERIES STATEMENT
Series statement My first home learning
942 ## - ADDED ENTRY ELEMENTS (KOHA)
Source of classification or shelving scheme
Koha item type Board Book
Holdings
Withdrawn status Lost status Source of classification or shelving scheme Damaged status Not for loan Home library Current library Date acquired Total Checkouts Full call number Barcode Date last seen Date checked out Price effective from Koha item type
          Logos International School Logos International School 02/25/2025 2 BB TIG 040408 01/21/2026 10/20/2025 02/25/2025 Board Book

For any Logos Library related questions please contact Miss Art at swongnarasuk@asianhope.org.

For any Asian Hope Library related questions please contact Miss Raza at graza@asianhope.org.

Click here to explore our ebooks!

Powered by Koha